| 000 | 00551nam a2200169Ia 4500 | ||
|---|---|---|---|
| 003 | GCL | ||
| 008 | 140319s9999 xx 000 0 ara d | ||
| 040 |
_aGCL / _cGCL |
||
| 082 | 0 | 4 |
_a813.083 _bم و |
| 100 | 1 | _aمحمد سعدون السباهى | |
| 245 | 1 | 0 |
_aوادى الغزلان: مجموعة قصص قصيرة (هدية من الاديب عبدالفتاح الجمل) / _cمحمد سعدون السباهى |
| 300 | _a69 ص | ||
| 490 | _a | ||
| 650 | 0 | 4 | _aالقصة العربية |
| 650 | 0 | 4 | _aالقصة القصيرة |
| 942 |
_2ddc _cBK |
||
| 999 |
_c38475 _d38475 |
||